Slovak Academy of Sciences science is the future

Bibliographic Details
Other Authors: Ščepán, Stanislav, 1957- (Editor), Šimíček, Vladimír (Photographer)
Format: Book
Language:English
PhysicalDescription:23 s. fotogr., mp., noty, portr. 21 cm
Published: Bratislava SAS Presidium 2016
ISBN:9788022415026 (brož.)
Subjects:

MARC

LEADER 00000cam a2200000 a 4500
001 vtls011533616
003 SK-MaSNL
005 20260425223551.0
008 160309s2016 xo ogbcg 000 0 eng
015 |a SNBA2016/04 
020 |a 9788022415026 (brož.) 
040 |a SNK  |b slo  |c SNK  |e AACR2 
041 0 |a eng 
043 |a e-xo--- 
044 |a xo  |c SK 
072 7 |a 00  |x Veda. Všeobecnosti. Základy vedy a kultúry. Vedecká práca  |2 konspekt 
080 |a 001  |2 2011 
080 |a (437.611)  |2 2008 
080 |a (041)  |2 2011 
080 |a 001.32  |2 2011 
245 0 0 |a Slovak Academy of Sciences  |b science is the future  |c [editor : Stano Ščepán ; photography: Vladimír Šimíček ... [et al.]] 
246 3 0 |a Science is the future 
260 |a Bratislava  |b SAS Presidium  |c 2016 
300 |a 23 s.  |b fotogr., mp., noty, portr.  |c 21 cm 
500 |a Názov z obalu 
610 2 7 |a Slovenská akadémia vied  |2 SNKKA  |9 125200 
650 0 7 |a veda  |2 SNKPH  |9 1599 
650 0 7 |a Science  |2 SNKPHeng  |9 265845 
650 0 7 |a akadémie vied  |2 SNKPH  |9 261078 
650 0 7 |a Academies of science  |2 SNKPHeng  |9 268177 
651 7 |a Bratislava (Slovensko)  |2 SNKPH  |9 14568 
651 7 |a Bratislava (Slovakia)  |2 SNKPHeng  |9 171234 
655 7 |a brožúry  |2 SNKPH  |9 70146 
655 7 |a Brochures  |2 SNKPHeng  |9 283327 
700 1 |a Ščepán, Stanislav,  |d 1957-  |4 edt  |9 221823 
700 1 |a Šimíček, Vladimír  |4 pht  |9 344064 
852 |a Štátna vedecká knižnica v Banskej Bystrici 
919 |a 978-80-224-1502-6 
999 |c 589382  |d 591312 
952 |a SNK  |b SNK  |y PREZ  |7 0  |p 17A1184478  |o snkOSC 27502  |i snk2016/8611  |8 0  |0 0  |1 0  |4 0  |d 2016-04-04  |l 0  |r 2026-02-23 15:20:01  |w 2026-02-23 
952 |a SNK  |b SNK  |y VYP  |7 0  |p 17A1184479  |o snkOSC 27502 D1  |i snk2016/8612  |8 0  |0 0  |1 0  |4 0  |d 2016-04-04  |l 0  |r 2026-02-23 15:20:01  |w 2026-02-23